Marketing
Na minha lista:
| Autor principal: | |
|---|---|
| Autor Corporativo: | |
| Outros Autores: | , , , , , , , , |
| Formato: | Livro |
| Idioma: | eslovaco |
| Publicado em: |
Bratislava
Iura Edition
2010
|
| Colecção: | Ekonómia
|
| Assuntos: | |
| Tags: |
Sem tags, seja o primeiro a adicionar uma tag!
|
MARC
| LEADER | 00000nam$a2200000$$$4500 | ||
|---|---|---|---|
| 001 | 0114175 | ||
| 005 | 20240502072254.5 | ||
| 020 | |a 978-80-8078-327-3 | ||
| 041 | 0 | |a slo | |
| 044 | |a SK | ||
| 245 | 1 | 0 | |a Marketing |c Jaroslav Kita a kolektív |
| 264 | 1 | |a Bratislava |b Iura Edition |c 2010 | |
| 300 | |a 411 s. [24,50 AH] | ||
| 490 | 1 | |a Ekonómia | |
| 830 | 0 | |a Ekonómia | |
| 610 | 2 | 0 | |a marketing |
| 610 | 2 | 0 | |a marketing mix |
| 610 | 2 | 0 | |a správanie spotrebiteľa |
| 610 | 2 | 0 | |a stratégia marketingová |
| 610 | 2 | 0 | |a segmentácia trhu |
| 610 | 2 | 0 | |a trh |
| 610 | 2 | 0 | |a plán marketingový |
| 610 | 2 | 0 | |a ceny |
| 610 | 2 | 0 | |a distribúcia |
| 610 | 2 | 0 | |a komunikácia marketingová |
| 610 | 2 | 0 | |a mix komunikačný |
| 610 | 2 | 0 | |a reklama |
| 610 | 2 | 0 | |a marketing medzinárodný |
| 100 | 1 | |a Kita, Jaroslav | |
| 700 | 1 | |a Čihovská, Viera | |
| 700 | 1 | |a Dzurová, Mária | |
| 700 | 1 | |a Hasprová, Mária, 1970- | |
| 700 | 1 | |a Kita, Pavol | |
| 700 | 1 | |a Labská, Helena | |
| 700 | 1 | |a Lipianska, Júlia | |
| 700 | 1 | |a Štensová, Antónia | |
| 700 | 1 | |a Daňo, Ferdinand, 1959- | |
| 700 | 1 | |a Šimo, Dušan | |
| 710 | 2 | |a Obchodná fakulta EU. Katedra marketingu | |